000 00545nam a2200193Ia 4500
008 151119s9999||||xx |||||||||||||| ||und||
082 _a891.467
082 _bGKKV13835
100 _aप्रभावळकर दिलीप
245 _aकागदी बाण
260 _a--
260 _b--
260 _c0
600 _aप्रभावळकर दिलीप
630 _aकागदी बाण
700 _aप्रभावळकर दिलीप
730 _aकागदी बाण
942 _cBOOK
999 _c1067435
_d1067432